| 000 | 00448 a2200181 4500 | ||
|---|---|---|---|
| 001 | 140692 | ||
| 040 | _cLeonardo Da Vinci | ||
| 041 | _aPortuguês | ||
| 082 |
_aI C313l _bC313l |
||
| 100 | _aCARRUTH, Jane | ||
| 245 | _aLaurinha vai à praia | ||
| 260 |
_bCírculo do Livro/ Melhoramentos _c199- _aSão Paulo |
||
| 300 | _a21 | ||
| 362 | _a199-0000 | ||
| 500 | _aTony Hutchings (Ilustração) | ||
| 697 | _aLiteratura infantil | ||
| 942 | _cBK | ||
| 999 |
_c140692 _d140692 |
||